000 00798nas a2200289 4500
001 BR8802453
003 BR-BrBNA
005 20231205091124.0
007 ta
008 230509b bl.|||p| |||| 00| 00por d
040 _aBR-BrBNA
_bpor
_cBiblioteca Nacional de Agricultura
041 _a(Pt)
072 _aF01; J10
100 1 _aFaria, V.P. de
100 1 _aCorsi, M.
245 1 _aFeno. As dicas para uma producao com qualidade
650 _aPLANTA FORRAGEIRA
650 _aPASTAGEM
650 _aSECAGEM
650 _aNUTRICAO ANIMAL
650 _aACONDICIONAMENTO
650 _aENFARDAMENTO
650 _aFENO
773 0 _tBalde Branco (Brazil)
_xISSN 0005-4275
_g(Nov 1987), v. 22(277) p. 20-24
_wBR8802453
909 _a202311
_bLúcia
_c55
_dLúcia Elande
942 _2AGRIS
_n0
_cANA
999 _c122923
_d122923